000 00285nam a2200121 a 4500
008 101025s1968|||| d
100 1 _aMulisch, Harry
245 1 0 _aKamenné svadobné lôžko
260 _bTatran
_aBratislava
_c1968
020 _c13
041 _aslo
044 _axo
_cSK
999 _c12177
_d12177